Cómo glorificar a Dios (Registro nro. 53185)
[ vista simple ]
| 000 -LÍDER | |
|---|---|
| Campo fijo de descripción fija | 01015aab a2200217 4500 |
| 001 - NÚMERO DE CONTROL | |
| Campo de control | 768714001 |
| 003 - IDENTIFICADOR DEL NÚMERO DE CONTROL | |
| Campo de control | CO-MdFUSB |
| 005 - FECHA Y HORA DE LA ULTIMA TRANSACCIÓN | |
| control field | 20240607165823.0 |
| 008 - ELEMENTOS DE LONGITUD FIJA -- INFORMACIÓN GENERAL | |
| Campo fijo de descripción fija -- Información general | 170512s1994 cr ||||| |||| 00| 0 spa d |
| 022 ## - NÚMERO INTERNACIONAL NORMALIZADO PARA PUBLICACIONES SERIADAS | |
| Número Internacional Normalizado para Publicaciones Seriadas | 1409-1968 |
| 040 ## - FUENTE DE CATALOGACIÓN | |
| Agencia Catalogadora | CO-MdFUSB |
| Idioma de catalogación | spa |
| Agencia que realiza la transcripción | CO-MdFUSB |
| Agencia que realiza la modificación | CO-MdFUSB |
| 041 ## - CÓDIGO DE IDIOMA | |
| Código de idioma para texto/pista de sonido o título separado | spa |
| 100 1# - ASIENTO PRINCIPAL--NOMBRE PERSONAL | |
| Nombre personal | Sheetz, Pablo |
| Término relacionador | autor |
| 245 10 - TÍTULO | |
| Título | Cómo glorificar a Dios |
| Mención de responsabilidad | / Sheetz, Pablo |
| 300 ## - DESCRIPCIÓN FÍSICA | |
| Extensión | Volumen 11. Número 6 (1994), páginas 21-23 |
| Dimensiones | : 27 cm. |
| 520 ## - NOTA DE RESUMEN, ETC. | |
| Nota de sumario, etc. | Este artículo trata de 6 maneras de glorificar a Dios:<br/>Creyendo, Haciendo buenas obras, Dando mucho fruto, llevando una vida pura, Presentando la palabra de Dios, padeciendo por cristo, <br/>Podemos glorificar a Dios también con la alabanza y la adoración en la asamblea. pero es notable que en la Biblia la exhortación mas frecuente se enfoca en el estilo de vida. |
| 650 #0 - ASIENTO SECUNDARIO DE MATERIA - TERMINO TEMÁTICO | |
| Término temático o nombre geográfico como elemento de entrada | Vida cristiana |
| 9 (RLIN) | 19 |
| 773 0# - ASIENTO DE ITEM FUENTE | |
| Título | Apuntes Pastorales |
| Biblionumber | 49442 |
| Itemnumber | 60180 |
| Parte(s) relacionada(s) / Volumen., número. (mes año), páginas | Volumen 11. Número 6 (1994), páginas 21-23 |
| Enumeración y primera página | Página 21 |
| 942 ## - TIPO DE MATERIAL (KOHA) | |
| Tipo de Item KOHA | Artículos de Revista |
| 945 ## - INFORMACIÓN LOCAL DEL REGISTRO | |
| Catalogador | JTF-925 |
No hay ítems disponibles.
